<?xml version="1.0" encoding="UTF-8"?><?xml-stylesheet type="text/xsl" href="static/style.xsl"?><OAI-PMH xmlns="http://www.openarchives.org/OAI/2.0/" xmlns:xsi="http://www.w3.org/2001/XMLSchema-instance" xsi:schemaLocation="http://www.openarchives.org/OAI/2.0/ http://www.openarchives.org/OAI/2.0/OAI-PMH.xsd"><responseDate>2026-04-27T20:05:37Z</responseDate><request verb="GetRecord" identifier="oai:riubu.ubu.es:10259/8999" metadataPrefix="marc">https://riubu.ubu.es/oai/request</request><GetRecord><record><header><identifier>oai:riubu.ubu.es:10259/8999</identifier><datestamp>2024-05-10T11:48:31Z</datestamp><setSpec>com_10259_3576</setSpec><setSpec>com_10259.4_2574</setSpec><setSpec>com_10259.4_106</setSpec><setSpec>com_10259_2604</setSpec><setSpec>col_10259_3577</setSpec></header><metadata><record xmlns="http://www.loc.gov/MARC21/slim" xmlns:doc="http://www.lyncode.com/xoai" xmlns:xsi="http://www.w3.org/2001/XMLSchema-instance" xmlns:dcterms="http://purl.org/dc/terms/" xsi:schemaLocation="http://www.loc.gov/MARC21/slim http://www.loc.gov/standards/marcxml/schema/MARC21slim.xsd">
<leader>00925njm 22002777a 4500</leader>
<datafield tag="042" ind1=" " ind2=" ">
<subfield code="a">dc</subfield>
</datafield>
<datafield tag="720" ind1=" " ind2=" ">
<subfield code="a">Yusta Sainz, Nieves</subfield>
<subfield code="e">author</subfield>
</datafield>
<datafield tag="720" ind1=" " ind2=" ">
<subfield code="a">Aguilar Conde, Pablo</subfield>
<subfield code="e">author</subfield>
</datafield>
<datafield tag="260" ind1=" " ind2=" ">
<subfield code="c">2017</subfield>
</datafield>
<datafield tag="520" ind1=" " ind2=" ">
<subfield code="a">El presente trabajo pretende analizar la inserción laboral real de las personas con&#xd;
discapacidad en España mediante una metodología, fundamentalmente, descriptiva. Para&#xd;
ello, analizaremos las principales variables y tasas relacionadas con dicha inserción,&#xd;
comparándolas con los valores de las mismas para la población no discapacitada.&#xd;
Los resultados sugieren que las personas con discapacidad no están completamente&#xd;
integradas en el mercado laboral. Presentan tasas de actividad más bajas, tasas de&#xd;
desempleo más elevadas y salarios más bajos que el resto de trabajadores. Por este motivo,&#xd;
consideramos necesario que las empresas, que se consideran socialmente responsables,&#xd;
desarrollen diferentes medidas de discriminación positiva, entre otras las que contribuyan a&#xd;
incrementar el empleo y los salarios de este colectivo. Encuadramos el trabajo dentro de&#xd;
economía social y discapacidad, exponiendo las medidas de política laboral que se están&#xd;
aplicando para lograr la plena integración laboral de este colectivo.</subfield>
</datafield>
<datafield tag="520" ind1=" " ind2=" ">
<subfield code="a">This paper aims to analyze the labor integration in favor of the disabled people community&#xd;
in Spain, through a descriptive methodology. We will analyze the main variables and rates&#xd;
related to disabled people in comparison with the values for the non-disabled people.&#xd;
The results suggest that disabled people are not completely integrated into the labor&#xd;
market. They have lower activity rates, higher unemployment rates and lower wages than&#xd;
non-disabled people. For this reason, we consider that social responsible companies should&#xd;
implement different measures of positive discrimination, particularly those measures that&#xd;
contribute to increase employment and wages of this group. We include this paper in the&#xd;
field of social economy and disability, and will finish it, exposing the labor policy measures&#xd;
that are being developed to achieve the full labor integration of the disabled people.</subfield>
</datafield>
<datafield tag="024" ind2=" " ind1="8">
<subfield code="a">2254-3376</subfield>
</datafield>
<datafield tag="024" ind2=" " ind1="8">
<subfield code="a">http://hdl.handle.net/10259/8999</subfield>
</datafield>
<datafield ind1=" " ind2=" " tag="653">
<subfield code="a">Economía Social</subfield>
</datafield>
<datafield ind1=" " ind2=" " tag="653">
<subfield code="a">Discapacidad</subfield>
</datafield>
<datafield ind1=" " ind2=" " tag="653">
<subfield code="a">Responsabilidad Social Corporativa</subfield>
</datafield>
<datafield ind1=" " ind2=" " tag="653">
<subfield code="a">Inserción laboral</subfield>
</datafield>
<datafield ind1=" " ind2=" " tag="653">
<subfield code="a">Discriminación Positiva</subfield>
</datafield>
<datafield ind1=" " ind2=" " tag="653">
<subfield code="a">Social Economy</subfield>
</datafield>
<datafield ind1=" " ind2=" " tag="653">
<subfield code="a">Disability</subfield>
</datafield>
<datafield ind1=" " ind2=" " tag="653">
<subfield code="a">Corporate Social Responsibility</subfield>
</datafield>
<datafield ind1=" " ind2=" " tag="653">
<subfield code="a">Labor Integration</subfield>
</datafield>
<datafield ind1=" " ind2=" " tag="653">
<subfield code="a">Positive discrimination</subfield>
</datafield>
<datafield tag="245" ind1="0" ind2="0">
<subfield code="a">La inserción laboral de las personas con discapacidad</subfield>
</datafield>
</record></metadata></record></GetRecord></OAI-PMH>